000 00676nam a22002417a 4500
008 131130b xxu||||| |||| 00| 0 eng d
024 _cAvailable
037 _cAvailable
040 _aMBSTU LIBRARY
_dMBSTU LIBRARY
082 _222
_a574.192 EDC
100 _aEdwards.
110 _aHassall.
245 _aCellular biochemistry and physiology.
260 _aNew Delhi
_bMcGraw-Hill.
_c1971
300 _a21 cm.
_b442 page
_f1
_g21 cm.
600 _2Biochemistry.
650 _2Biochemistry.
700 _aEdwards.
710 _aHassall.
270 _aNew Delhi
_bNew Delhi
_dIndia
942 _2ddc
_cBK
999 _c910
_d910